000
00305nam a22001217a 4500
008
160505b xxu||||| |||| 00| 0 eng d
020
_a
9780323019194
020
_a
0323019196
041
_a
eng
080
_a
61
245
_a
Long term care assistants:
_c
Sheila A.Sorrentino; Bernie Gorek;
942
_2
udc
_c
BK
999
_c
1819
_d
1819